Normal view
MARC view
Entry Personal Name
001 - CONTROL NUMBER
- control field: 85428
003 - CONTROL NUMBER IDENTIFIER
- control field: dpl
005 - DATE AND TIME OF LATEST TRANSACTION
- control field: 20251008124544.0
008 - FIXED-LENGTH DATA ELEMENTS
- fixed length control field: 251008|| aca||aabn | a|a d
040 ## - CATALOGING SOURCE
- Original cataloging agency: dpl
- Transcribing agency: dpl
100 ## - HEADING--PERSONAL NAME
- Personal name: Raghavan, Srinivasa
670 ## - SOURCE DATA FOUND
- Source citation: Work cat.: (dpl)213617: Raghavan, Srinivasa, On the Turnpike:, 2012
